Representaciones sociales sobre comprensión y producción de textos en alumnos de la carrera de Pedagogía en Lenguaje y Comunicación de la Universidad de Antofagasta en Chile y de la carrera de Licenciatura en Lingüística y Literatura de la Universidad de Sonora en México
Guardat en:
| Autors principals: | , , , |
|---|---|
| Format: | Llibre |
| Idioma: | espanyol |
| Publicat: |
Hermosillo
Universidad de Sonora
2009
|
| Matèries: | |
| Etiquetes: |
Afegir etiqueta
Sense etiquetes, Sigues el primer a etiquetar aquest registre!
|
MARC
| LEADER | 00000cam a2200000 a 4500 | ||
|---|---|---|---|
| 001 | UCG4953 | ||
| 003 | CL-VaPUC | ||
| 008 | 101216e20090000MX |||||||||||||||||spa|d | ||
| 020 | |a 9706894314 | ||
| 082 | 0 | 4 | |a 372.47 |b GON |2 21 |
| 100 | |a González Gaxiola, Francisco |e author |9 566066 | ||
| 700 | 0 | |a Rivera Lam, Mailing |e author |9 554448 | |
| 700 | 0 | |a Galindo Ruiz de Chávez, María de los Ángeles |e author |9 554449 | |
| 700 | |a Grandón Lagunas, Olga |e author |9 554450 | ||
| 245 | 1 | 0 | |a Representaciones sociales sobre comprensión y producción de textos en alumnos de la carrera de Pedagogía en Lenguaje y Comunicación de la Universidad de Antofagasta en Chile y de la carrera de Licenciatura en Lingüística y Literatura de la Universidad de Sonora en México |
| 300 | |a 160 p | ||
| 942 | |c BK | ||
| 945 | |d 20101216 00:00:00 |a dcastane | ||
| 260 | |a Hermosillo |b Universidad de Sonora |c 2009 | ||
| 650 | 0 | |a Comprensión de lectura |9 307588 | |
| 650 | 7 | |a PSICOLOGIA DE LA LECTURA |2 CL-VaPUC |9 307355 | |
| 650 | 0 | |a Producción de textos |9 554451 | |
| 650 | 0 | |a Reforma educacional |9 256319 | |
| 583 | |a last modification |c 20161102 01:16:35 |k Rodrigo Vera | ||
| 999 | |c 343552 |d 343550 | ||
| 952 | |0 0 |1 0 |4 0 |6 372_470000000000000_GON_2009 |7 0 |8 A |9 440930 |a FDOPOS |b FDOPOS |d 2019-11-22 |i 4742621 |o 372.47 GON 2009 |p 4742621 |r 2025-01-22 |w 2019-11-22 |y BK |k DLA | ||
| 952 | |0 0 |1 0 |4 0 |6 372_470000000000000_GON_2009 |7 0 |8 A |9 440931 |a FDOPOS |b FDOPOS |d 2019-11-22 |i 4742613 |o 372.47 GON 2009 |p 4742613 |r 2025-01-22 |w 2019-11-22 |y BK |k DLA | ||
| 952 | |0 0 |1 0 |4 0 |6 372_470000000000000_GON_2009 |7 0 |8 A |9 440932 |a BIBEDU |b BIBEDU |c ES_NOD |d 2019-11-22 |i 4767039 |o 372.47 GON 2009 |p 4767039 |r 2023-08-09 |w 2019-11-22 |y BK |k LIT | ||
| 952 | |0 0 |1 0 |4 0 |6 372_470000000000000_GON_2009 |7 0 |8 A |9 440933 |a FDOPOS |b FDOPOS |d 2019-11-22 |i 4932471 |o 372.47 GON 2009 |p 4932471 |r 2025-01-22 |w 2019-11-22 |y BK |k DLA | ||